Dr House General Quiz - Starter Level - Statistics

General Stats
  • This quiz has been taken 104 times
    88 since last reset
  • The average score is 4 of 10
Answer Stats
Question Answer % Correct
What is the name of the actor that portrayed House? Hugh Laurie
86%
When Wilson declines to go to the monster truck show, who does House take with him instead? Dr.Cameron|Cameron
59%
What is the name of the actor that portrayed Lisa Cuddy? Lisa Edelstein
55%
What is the name of House's ex girlfriend? Stacy
53%
How much money did Edward Vogler donate to the hospital? (Express your answer as an amount, i.e: 1 thousand) 100 million
49%
How long would Dr.Cuddy give House off time from clinic duty if House agreed to go without his painkillers for a week? (Express your answer as an amount, then time. i.e: 2 years) 1 month
40%
How long did it take House's doctors to figure out that he had dead muscle in his leg? Express your answer as an amount, then time. i.e: 2 years) 3 days
19%
What department does Dr.House run? Department of diagnostic medicine
12%
What is Dr.House's specialties? (Express your answer as specialty1 and specialty2.) (Hint: There are two.) Infectious disease and nephrology
12%
Fill the blank: Because for most of you this job could be done by a monkey with a bottle of ______. (This was House's introduction to clinic patients.) Motrin
12%
No matching quizzes found
Score Distribution
Percent of People with Each Score
Percentile by Number Answered
Your Score History
You have not taken this quiz since the last reset